Ends in 'TH' Quiz Stats

 Plays Quiz Updated Nov 8, 2015

Also try: Ends in 'GUE'
Challenge
Share
Tweet
Embed
Score 0/18 Timer 02:00
2 Plays Today
Clue -TH Word % Correct
Drug featured in Breaking Badmeth
95.1%
The Great Bambino: Babe ____Ruth
92%
Accompanied bywith
91.6%
Archaic form of hashath
91.3%
Science of numbers, quantities, etc.math
89.7%
City in England or type of tubBath
89.3%
Traditional or legendary storymyth
85.6%
One and the otherboth
84.6%
The lady ____ protest too muchdoth
83.8%
Clue -TH Word % Correct
Nocturnal lepidopterous insectmoth
81.3%
Track along which something movespath
70.9%
Solemn affirmation or declarationoath
70.4%
Darth Maul, Darth Vader, e.g.Sith
69.4%
Pulp Fiction actor TimRoth
69%
Third son of Adam and EveSeth
66.1%
White covering under the skin of an orangepith
59.5%
A thin, narrow strip of woodlath
37.1%
Friends and acquaintanceskith
29.7%

You're not logged in!

Compare scores with friends on all Sporcle quizzes.
OR
Log In

You Might Also Like...

Show Comments

Extras

Top Quizzes Today


Score Distribution

Your Account Isn't Verified!

In order to create a playlist on Sporcle, you need to verify the email address you used during registration. Go to your Sporcle Settings to finish the process.

Report this User

Report this user for behavior that violates our Community Guidelines.

Details: